Intended Electoral Participation in Transition Countries
Salvato in:
| Autore principale: | |
|---|---|
| Altri autori: | , |
| Natura: | Capitolo di libro |
| Lingua: | inglese |
| Tags: |
Nessun Tag, puoi essere il primo ad aggiungerne!!
|
MARC
| LEADER | 00000naa$a2200000$$$4500 | ||
|---|---|---|---|
| 001 | 0060545 | ||
| 005 | 20240502083144.0 | ||
| 041 | 0 | |a eng | |
| 044 | |a US | ||
| 245 | 1 | 0 | |a Intended Electoral Participation in Transition Countries |c Marta Orviská, Anetta Čaplánová, John Hudson |
| 100 | 1 | |a Orviská, Marta | |
| 700 | 1 | |a Čaplánová, Anetta, 1967- | |
| 700 | 1 | |a Hudson, John | |